000 00602nam a2200241Ia 4500
005 20250425162241.0
008 250425s9999 xx 000 0 und d
020 _a8425316537
041 _aspa
043 _asp
082 _a658.003
100 _aHEYEL, CARL
245 0 _aENCICLOPEDIA DE GESTION Y ADMINISTRACION DE EMPRESAS: MANAGEMENT 2
250 _aS.E.
260 _aBARCELONA
260 _aEspaƱa
_bGRIJALBO
_c1984
300 _a828
650 _aADMINISTRACION DE EMPRESAS
650 _aADMINISTRACION-DICCIONARIOS
650 _aMANAGEMENT
942 _c01
010 _a58761
999 _c225408
_d225408